• 首页
  • 本馆介绍
  • 公告通知
  • 最新文献
  • 馆藏检索
  • 电子资源
  • 读者导购
  • 参考咨询
  • 我的图书馆
  • 登录
  • 详细信息显示
  • 放入我的书架
  • 预约/预借图书
  • 作者相关作品
  • 分类相关作品
  • 丛书相关作品
  • 出版社相关作品

书目信息

  • 表格格式
  • 工作单格式
  • 卡片格式
题名:
绿色包装技术及其典型案例
    
 
作者: 陈昌杰 主编
分册:  
出版信息: 北京   化学工业出版社  2008
页数: 345页
开本: 21cm
丛书名:
单 册:
中图分类: TB484
科图分类:
主题词: 包装材料--无污染技术 , 包装材料 , 无污染技术
电子资源:
ISBN: 978-7-122-01842-7
000 00846nam0 2200253 45
001 1032964671
005 20100407101834.34
010    @a978-7-122-01842-7@dCNY29.00
100    @a20100330d2008 em y0chiy0120 ea
101 0  @achi
102    @aCN@b110000
105    @ay z 000yy
106    @ar
200 1  @a绿色包装技术及其典型案例@ALu^ Se Bao Zhuang Ji Shu Ji Qi Dian Xing An Li@f陈昌杰主编@FChen Chang Jie Zhu Bian
210    @a北京@c化学工业出版社@d2008
215    @a345页@d21cm
330    @a本书共分为三篇,分别从绿色包装材料、绿色包装生产工艺与绿色包装助剂、包装废弃物的回收等方面循序渐进地介绍了无污染包装技术。
606 0  @a包装材料@x无污染技术
606 0  @a包装材料
606 0  @a无污染技术
690    @aTB484@v4
701  0 @a陈昌杰@AChen Chang Jie@4主编
801  0 @aCN@bTANGWEI@c20100407
905    @b0586768-72@dTB484@e195@f5
    
    绿色包装技术及其典型案例/陈昌杰主编.-北京:化学工业出版社,2008
    345页;21cm
    
    
    ISBN 978-7-122-01842-7:CNY29.00
    本书共分为三篇,分别从绿色包装材料、绿色包装生产工艺与绿色包装助剂、包装废弃物的回收等方面循序渐进地介绍了无污染包装技术。
●
相关链接 在E读中查询图书 在五车中查询图书 在当当中查询图书 在豆瓣中查询图书


正题名:绿色包装技术及其典型案例     索取号:TB484/195         预约/预借

序号 登录号 条形码 馆藏地/架位号 状态 备注
1 0586768   205867686   第二样本阅览室/ [索取号:TB484/195] 在馆    
2 0586769   205867695   密集书库/ [索取号:TB484/195] 在馆    
3 0586770   205867702   密集书库/ [索取号:TB484/195] 在馆    
4 0586771   205867711   第三借阅区/ [索取号:TB484/195] 在馆    
5 0586772   205867720   第三借阅区/ [索取号:TB484/195] 在馆    
唐山师范学院图书馆 欢迎您!
大连网信软件有限公司© 版权所有